000 00462cam a22001577a 4500
008 180718b2006 xxu||||| |||| 00| 0 eng d
082 _aO3 k133c
100 _aKanodia, K.D.
245 _aThe concept of MIASMS in homeopathy and New Era
_cby K.D.Kanodia
250 _a2nd ed.
260 _aNew Delhi
_bKuldeep jain
_c2006
300 _a101p.
650 _a
650 _aPsoriasis -- Homeopathic treatmenT
650 _aChronic diseases -- Homeopathic treatment
999 _c503999
_d503999